Cách xử thế của người nay = Winning your way with people

Wedi'i Gadw mewn:
Manylion Llyfryddiaeth
Prif Awdur: K C Ingram
Fformat: Llyfr
Iaith:Undetermined
Cyhoeddwyd: H. VHTT 2002
Pynciau:
Tagiau: Ychwanegu Tag
Dim Tagiau, Byddwch y cyntaf i dagio'r cofnod hwn!
Thư viện lưu trữ: Trung tâm Học liệu Trường Đại học Cần Thơ
LEADER 00585nam a2200193Ia 4500
001 CTU_54169
008 210402s9999 xx 000 0 und d
020 |b 35000 
082 |a 158.2 
082 |b I.54 
100 |a K C Ingram 
245 0 |a Cách xử thế của người nay 
245 0 |b = Winning your way with people 
245 0 |c K. C. Ingram; Nguyễn Hiến Lê dịch 
260 |a H. 
260 |b VHTT 
260 |c 2002 
650 |a interpersonal relations,social interaction,psychology, applied 
980 |a Trung tâm Học liệu Trường Đại học Cần Thơ